000 00643nam a2200205Ia 4500
003 GCL
008 140319s9999 xx 000 0 ara d
040 _aGCL /
_cGCL
082 0 4 _a241
_bم ق
100 1 _aمحمد الصالح العثيمن
245 1 0 _aالقواعد المثلى فى صفات الله واسمائه الحسنى /
_cمحمد الصالح العثيمن
260 _a[S.N] :
_bمكتبة التراث الاسلامى ،
_c1992
300 _a198 ص
490 _a
650 0 4 _aالاسلام
650 0 4 _aالله
650 0 4 _aصفات الله
650 0 4 _aالاسماء الحسنى
942 _2ddc
_cBK
999 _c53235
_d53235